[Event "Gibraltar Challengers A 2020"]
[Site "Caleta"]
[Date "2020.01.21"]
[Round "3.11"]
[White "Kandic, Milan"]
[Black "Martinez Lopez, Jaume"]
[Result "1-0"]
[WhiteElo "2132"]
[BlackElo "2042"]
[Annotator "TA"]
[PlyCount "59"]
[EventDate "2020.01.20"]
[EventType "swiss"]
[EventCountry "GGB"]
[SourceTitle "playchess.com"]
[Source "ChessBase"]
[SourceQuality "1"]

{[%evp 9,59,33,43,46,46,45,49,45,41,37,32,37,41,14,18,14,39,35,48,48,65,56,54,52,35,47,60,61,52,39,35,24,29,14,73,67,128,40,289,275,282,219,472,297,517,522,513,497,492,479,462,405]} 1. e4 g6 2. d4 Bg7 3. Nf3 d6 4. Bc4 a6 5. a4 (5. O-O b5 6. Bb3 Bb7 7. Re1 e6 8. c3 Nd7 9. a4 Ngf6 10. Nbd2 O-O 11. Bc2 c5 12. Nf1 Qc7 13. Ng3 {0-1 (85) Dubov,D (2676)-Duda,J (2748) Hamburg 2019}) 5... b6 6. O-O {B06: Modern Defence} Bb7 7. Nc3 e6 8. Qe2 {White is slightly better.} Nd7 9. Bg5 Ne7 10. Rad1 h6 11. Bf4 O-O 12. Rfe1 Nf6 13. h3 $146 ({Predecessor:} 13. Bd3 g5 14. Bc1 Nd7 {½-½ (43) Wlodarczyk,O (2285)-Hampel,F (2220) Germany 2016}) 13... Nxe4 {[%mdl 64] [#] Remove Defender, Decoy} 14. Nxe4 d5 {[%mdl 64] Double Attack} 15. Bd3 {Threatens to win with Ned2.} dxe4 16. Bxe4 Bxe4 17. Qxe4 Nd5 18. Be5 b5 19. Bxg7 Kxg7 20. Ra1 Qd6 21. Ne5 Rfd8 (21... b4 $11) 22. c3 c5 {[#]} (22... c6 $14) 23. axb5 (23. Qf3 $1 $16 {[%cal Rf3f7]} f6 24. dxc5 Qxc5 25. Nxg6 Kxg6 26. Rxe6) 23... cxd4 $2 (23... axb5 $14 24. Qf3 f6) 24. Qxd4 $18 Nc7 25. b6 $40 {[%mdl 128] White goes for the king.} Nb5 $2 (25... Qxd4 {was called for.} 26. cxd4 Nd5) 26. Qxd6 ({Not} 26. Qf4 f6 $16) 26... Nxd6 $2 (26... Rxd6 27. b7 Rb8) 27. Red1 {White is clearly winning.} Nb7 28. Rxd8 Nxd8 29. Rd1 Kf6 30. Rxd8 {Accuracy: White = 73%, Black = 47%.} 1-0

[Event "Gibraltar Challengers A 2020"]
[Site "Caleta"]
[Date "2020.01.21"]
[Round "3.12"]
[White "Dolzhikova, Olga"]
[Black "Filipovich, David"]
[Result "1/2-1/2"]
[WhiteElo "2123"]
[BlackElo "1995"]
[Annotator "TA"]
[PlyCount "56"]
[EventDate "2020.01.20"]
[EventType "swiss"]
[EventCountry "GGB"]
[SourceTitle "playchess.com"]
[Source "ChessBase"]
[SourceQuality "1"]

{[%evp 17,56,15,43,0,0,-24,0,0,0,0,0,-12,0,-263,-263,-248,-64,-291,-287,-291,-274,-275,-267,-268,-263,-252,-142,-156,-78,-82,-35,-48,-42,-42,-38,-70,-35,-69,-46,-42,-40]} 1. e4 c6 2. Nc3 d5 3. Nf3 g6 4. d4 Bg7 5. h3 Nf6 6. e5 Ne4 7. Nxe4 dxe4 8. Ng5 c5 9. Bc4 O-O $1 10. e6 {B15: Caro-Kann: 3 Nc3: 3...g6 and 3...dxe4 4 Nxe4 Nf6 5 Nxf6+ exf6} (10. c3 $14) (10. c3 cxd4 11. cxd4 Nc6 12. Be3 Qa5+ 13. Kf1 h6 14. Nxe4 Rd8 15. f4 b5 16. Bb3 Nxd4 17. Bxd4 Qb4 18. Qf3 Rxd4 19. a3 Qa5 20. Nf6+ Bxf6 21. exf6 Qb6 22. f5 Bb7 23. Qg3 g5 24. fxe7 Re8 25. Re1 Rf4+ 26. Ke2 Qd4 {0-1 (26) Xiong,J (2674)-Shabalov,A (2556) Saint Louis 2017}) 10... f6 $11 11. Nxe4 cxd4 12. O-O {The position is equal.} Nc6 {[%cal Bb8c6,Bc6a5,Ba5c4][%mdl 32]} 13. Bf4 $146 ({Predecessor:} 13. Qe2 Qc7 14. Bd2 d3 15. Bxd3 Bxe6 16. Bc4 Nd4 17. Bxe6+ Nxe6 {½-½ (44) Balog,I (2537)-Rotstein,A (2502) Germany 2017}) 13... Na5 14. Qe2 Qb6 15. Bd6 $2 {[%mdl 8192]} (15. Bd3 $11) 15... Nxc4 $19 16. Qxc4 Re8 $2 (16... f5 $19 17. Bc7 Bxe6) 17. Bc5 $2 {[#]} ({White must play} 17. Qa4 $1 $15 Bxe6 18. Bc5) 17... Qc6 $1 18. Nd2 Bxe6 19. Qb4 Bd5 {...e5 is the strong threat.} 20. Bxe7 Bxg2 21. Rfe1 Bh1 (21... f5 $19 {Strongly threatening ...Rac8.} 22. Qc5 Qd5) 22. Qc4+ $17 Qxc4 ({Better is} 22... Bd5 23. Qxc6 bxc6) 23. Nxc4 Bd5 24. Nd6 {Black is slightly better.} Reb8 25. Nb5 Rc8 26. Nxd4 f5 27. Rad1 Be4 28. c3 Re8 {Accuracy: White = 53%, Black = 45%.} 1/2-1/2

[Event "Gibraltar Challengers A 2020"]
[Site "Caleta"]
[Date "2020.01.21"]
[Round "3.13"]
[White "Lung, Liviu-Catalin"]
[Black "Meszaros, Andras"]
[Result "1/2-1/2"]
[WhiteElo "2041"]
[BlackElo "2244"]
[Annotator "TA"]
[PlyCount "111"]
[EventDate "2020.01.20"]
[EventType "swiss"]
[EventCountry "GGB"]
[SourceTitle "playchess.com"]
[Source "ChessBase"]
[SourceQuality "1"]

{[%evp 9,111,28,40,29,32,10,9,0,5,0,7,0,12,-24,-19,-58,-17,-32,-15,-25,11,25,64,13,72,80,73,80,74,60,63,59,62,36,65,67,59,63,171,63,71,68,112,115,119,116,122,89,120,117,152,114,132,125,122,20,37,0,0,0,0,0,0,0,0,0,0,-58,-58,-58,-58,-58,-58,-58,-58,-58,0,-71,-81,-81,-58,-65,-72,-72,0,0,0,0,0,0,0,0,0,0,0,0,0,0,0,0,0,0,0,0]} 1. e4 c5 2. Nf3 a6 3. g3 Nc6 4. Bg2 e5 (4... g6 5. d4 cxd4 6. Nxd4 Bg7 7. Be3 Nf6 8. O-O O-O 9. c4 d6 10. h3 Nxd4 11. Bxd4 Be6 12. Nd2 {½-½ (43) Najer,E (2663)-Vitiugov,N (2736) Sochi 2015}) 5. O-O Nf6 6. d3 {B28: Sicilian: 2 Nf3 a6 (O'Kelly Variation)} d6 7. h3 Be7 8. Bg5 $146 ({Predecessor:} 8. Be3 Rb8 9. Nbd2 Qc7 10. Nh2 b5 11. f4 Bb7 12. Ndf3 {1-0 (37) Socko,M (2176)-Skogvall,M (2125) Germany 2005}) 8... h6 9. Bxf6 Bxf6 10. Nc3 Ne7 11. Nh2 h5 12. Qd2 Bd7 13. Nf3 Be6 14. Ng5 Bxg5 15. Qxg5 h4 16. f4 (16. Qxg7 $14 Rg8 17. Qh7) 16... hxg3 (16... Rh7 $11 {remains equal.} 17. f5 (17. fxe5 Nc6 $11) (17. gxh4 exf4 18. Ne2 f3 $11) 17... f6) 17. f5 $16 ({Reject} 17. Qxg3 exf4 18. Rxf4 (18. Qxf4 Ng6 $11) 18... Ng6 $11) 17... Bd7 18. Qxg7 ({Of course not} 18. Qxg3 g6 $11) 18... Rg8 19. Qh7 Rf8 $1 20. Qh4 Bc6 21. Qf6 Qc7 22. Rf3 O-O-O 23. Rxg3 Rg8 {[#]} (23... Ng8 $14 24. Qh4 c4) 24. Rxg8 ({Better is} 24. Rg7 $1 $18) 24... Nxg8 $14 25. Qh4 f6 26. Kh2 Qb6 27. Rb1 Kb8 28. Qf2 Ne7 29. b4 Rg8 30. bxc5 Qxc5 31. Qxc5 dxc5 32. Bf3 (32. Bh1 $16) 32... Nxf5 $1 $11 33. Rg1 Rxg1 34. Kxg1 {[%mdl 4096] Endgame KBN-KBN} Nd4 35. Bd1 Kc7 36. h4 {White wants to play h5.} Kd6 37. h5 {And now h6 would win.} Ke7 38. Ne2 ({White should play} 38. Nd5+ $11 Kf7 39. Ne3) 38... Kf7 39. c3 Nxe2+ 40. Bxe2 $15 {KB-KB} Kg7 41. Kf2 Kh6 42. Ke3 Bb5 (42... Be8 $15) 43. Bd1 (43. Bg4 $1 $11) 43... Be8 $17 44. Bg4 {[#]} b6 $1 45. Bc8 a5 46. d4 exd4+ ({Don't blunder} 46... Kxh5 $2 47. d5 $18) (46... cxd4+ $17 47. cxd4 Bxh5) 47. cxd4 $11 {The position is equal.} Bxh5 48. dxc5 bxc5 49. e5 fxe5 {aiming for ...Bg6.} 50. Ke4 $1 Bf7 51. a3 c4 52. Bd7 c3 {White must now prevent ...c2.} 53. Ba4 $1 Bg6+ 54. Kxe5 c2 {[#]} (54... Bh7 $5) 55. Bxc2 $1 {[%mdl 512]} Bxc2 56. Kd4 {Accuracy: White = 53%, Black = 52%.} 1/2-1/2

[Event "Gibraltar Challengers A 2020"]
[Site "Caleta"]
[Date "2020.01.21"]
[Round "3.14"]
[White "Raghav, Srivathsav V"]
[Black "Mohota, Nisha"]
[Result "1-0"]
[WhiteElo "2023"]
[BlackElo "2201"]
[Annotator "TA"]
[PlyCount "115"]
[EventDate "2020.01.20"]
[EventType "swiss"]
[EventCountry "GGB"]
[SourceTitle "playchess.com"]
[Source "ChessBase"]
[SourceQuality "1"]

{[%evp 9,115,-13,21,-25,-15,-27,-18,0,0,-27,0,0,0,0,0,0,6,7,38,27,46,0,22,34,21,20,28,5,22,7,18,0,23,0,0,0,0,0,2,-13,-4,-3,51,52,47,55,56,45,154,164,153,44,106,75,228,229,244,166,223,219,187,202,322,118,138,58,87,63,199,97,96,98,105,104,97,98,113,106,194,97,136,147,158,167,162,161,164,163,164,164,326,282,29977,29978,29977,29975,29975,29975,29981,29982,29983,29983,29987,29988,29990,29991,29991,29992]} 1. b3 d5 2. Bb2 Bg4 3. g3 c6 (3... Nf6 4. Bg2 e6 5. d3 Nbd7 6. Nd2 Bd6 7. Ngf3 c6 8. h3 Bh5 9. O-O O-O 10. e4 e5 11. Qe1 Re8 12. Nh4 a5 13. a3 Bg6 14. Nxg6 hxg6 15. Nf3 Qe7 16. Qe2 Rad8 17. Rfe1 d4 18. Nd2 b5 19. Rec1 a4 20. bxa4 bxa4 {1-0 (39) Petrosian,T (2601)-Nihal,S (2612) Moscow 2019}) 4. Bg2 Nd7 5. f4 h5 6. Nf3 $146 {A01: Nimzowitsch-Larsen Opening} ({Predecessor:} 6. h3 Bf5 7. Nf3 Ngf6 8. d3 e6 9. e3 Bc5 10. Qe2 Qb6 11. Bd4 O-O-O 12. Nc3 Bxd4 13. exd4 Ne8 14. Na4 Qc7 15. O-O Nd6 16. Nc5 Nf8 17. b4 {½-½ (17) Mercadal Benejam,J (2140)-Pons Sastre,S (2378) Ciutadella 2008}) 6... Bxf3 7. Bxf3 h4 8. e3 {The position is equal.} e5 9. Qe2 Qc7 10. Nc3 O-O-O 11. O-O-O Ngf6 12. Qf2 Bc5 13. fxe5 Nxe5 14. Be2 {d4 is the strong threat.} hxg3 15. hxg3 {Black must now prevent Rxh8.} (15. Qxg3 $5 {[%cal Rd2d4]} Ng6 16. Qxc7+ Kxc7 17. Rdf1 $11) 15... Bd6 16. e4 dxe4 17. Qxa7 Ned7 18. g4 {And now g5 would win.} Rxh1 19. Rxh1 Bf4 $1 20. Rd1 Nb6 21. Na4 Nxa4 22. Qa8+ Qb8 23. Qxa4 Qd6 24. Bc3 Kb8 25. Kb1 Re8 ({Black should play} 25... Qc5 $11) 26. Bd4 $14 Kc8 27. Qa8+ Qb8 28. Qa5 {Strongly threatening Qf5+.} Be5 ({Black should try} 28... Qc7 $14 29. Qf5+ Kb8) 29. Ba7 $16 Qd6 30. Bc5 (30. g5 $1 $16 {[%cal Rg5f6]} Nd7 31. Be3) 30... Qe6 (30... Qd7 $1 $14) 31. g5 Nd7 $2 (31... Nd5 $16) 32. Bc4 $18 Qg6 33. Be3 f5 (33... Rf8 {might work better.} 34. Rf1 Qd6 35. Rxf7 Rxf7 36. Bxf7 Bd4) 34. gxf6 $1 gxf6 35. Rg1 Qh7 (35... Qh5 $142 36. b4 f5) 36. a4 $2 (36. Qa8+ $18 {and the rest is easy.} Bb8 37. a4) 36... Qe7 $16 37. Ka2 (37. Qa8+ $16 Kc7 38. Qa5+ Kc8 39. Qa7) 37... f5 $14 38. Bg5 Qc5 {[#]} (38... Qd6 $14) 39. Qxc5 (39. Qa8+ $1 $18 Nb8 40. Be3) 39... Nxc5 $16 40. Rf1 f4 41. Bxf4 Bxf4 42. Rxf4 {[%mdl 4096] Endgame KRB-KRN} Kc7 43. Kb2 Kb6 (43... e3 $16) 44. Rf5 (44. Kc3 $18) 44... Nd7 45. a5+ Kc7 46. Rf7 Kd6 47. Bf1 e3 {[#]} 48. dxe3 $1 Rxe3 49. b4 {[%cal Bb3b4,Bb4b5][%mdl 32]} c5 $2 (49... Rg3 {is a better defense.} 50. Bd3 Rg5) 50. b5 Re7 $2 (50... Re4 $18 51. a6 Rb4+ 52. Ka3 bxa6 53. bxa6 Rb1) 51. Rxe7 {White mates.} Kxe7 {KB-KN} 52. Bg2 Kd6 53. Bxb7 Kc7 54. Bg2 Ne5 55. Kc3 Kb8 56. b6 Kc8 57. a6 Nd7 {[#]} 58. Bh3 $1 {Accuracy: White = 59%, Black = 37%.} 1-0

[Event "Gibraltar Challengers A 2020"]
[Site "Caleta"]
[Date "2020.01.21"]
[Round "3.15"]
[White "Hladik, Lumir"]
[Black "Galvan, Jesus"]
[Result "0-1"]
[WhiteElo "2018"]
[BlackElo "2180"]
[Annotator "TA"]
[PlyCount "92"]
[EventDate "2020.01.20"]
[EventType "swiss"]
[EventCountry "GGB"]
[SourceTitle "playchess.com"]
[Source "ChessBase"]
[SourceQuality "1"]

{[%evp 22,92,-14,-11,3,-49,-48,-58,-56,-51,-71,-68,0,-65,0,6,20,-16,-4,-91,-43,-50,0,-91,-43,-52,-52,-51,-28,-51,-27,-35,-39,-58,-23,-24,-12,-10,-19,-252,-254,-364,-299,-692,-550,-528,-532,-527,-524,-578,-536,-567,-571,-571,-494,-623,-594,-822,-820,-807,-780,-799,-797,-787,-771,-929,-921,-1005,-1051,-1439,-1433,-1316,-1190]} 1. e4 c5 2. Nf3 Nc6 3. d4 cxd4 4. Nxd4 Nf6 5. Nc3 e5 6. Ndb5 d6 7. Bg5 a6 8. Na3 b5 9. Nd5 Be7 10. Bxf6 Bxf6 11. Nxf6+ Qxf6 12. c3 Qg6 {B33: Sicilian: Pelikan and Sveshnikov Variations} (12... O-O 13. Be2 Bb7 14. O-O Rad8 15. Bf3 Nb8 16. Nc2 Nd7 17. Re1 Nc5 18. Nb4 g6 19. Nd5 Bxd5 20. Qxd5 {0-1 (36) Larino Nieto,D (2488)-Kotronias,V (2603) Budva 2009}) 13. Qd3 (13. f3 $11) 13... O-O $15 14. Nc2 Bb7 $146 {Black is slightly better.} ({Predecessor:} 14... Ne7 15. O-O-O Rd8 16. f3 Be6 17. Nb4 Bc4 18. Qd2 a5 19. Bxc4 axb4 20. Bxb5 Rxa2 21. cxb4 Ra1+ 22. Kc2 Rc8+ 23. Kd3 d5 24. Ke3 Qb6+ 25. Ke2 Qxb5+ 26. Kf2 d4 {0-1 (26) Cathcart,J (1855)-Choma,E (2270) Foz do Iguacu 2008}) 15. Ne3 Ne7 16. f3 Qg5 (16... Rad8 $15) 17. Be2 {[#]} ({White should play} 17. Qd2 $11) 17... Qh4+ (17... d5 $1 $15 {[%mdl 512]} 18. Nxd5 (18. exd5 Rad8 $17) 18... Bxd5 19. exd5 Rad8) 18. g3 $11 Qg5 19. O-O-O d5 20. h4 (20. exd5 $11 Nxd5 21. f4 exf4 22. Nxd5 f3+ 23. Qd2 Qxd2+ 24. Rxd2 fxe2 25. Re1) 20... Qh6 21. Kb1 {[%cal Re4d5]} Rfd8 22. Ng4 (22. h5 $11 {remains equal.}) 22... Qe6 {White must now prevent ...h5.} 23. h5 h6 24. Qc2 Rac8 25. Qb3 Rd6 26. Nf2 Rcd8 27. Rd2 Nc8 {Hoping for ...dxe4.} 28. Rhd1 $1 Nb6 29. Qb4 R6d7 30. f4 $2 (30. Nd3 $11 Nc4 31. Nc5 {[%mdl 64] Double Attack} Nxd2+ 32. Rxd2) 30... dxe4 $19 {[%mdl 64] [#] Discovered Attack} 31. f5 (31. Rxd7 $142 Rxd7 32. Rxd7 Qxd7 33. Qc5 exf4 34. gxf4) 31... Qc6 32. c4 $2 (32. Rxd7 Rxd7 33. f6) 32... Rxd2 {Black is clearly winning.} 33. Rxd2 Rxd2 34. Qxd2 Nxc4 35. Qd8+ Kh7 {aiming for ...e3.} 36. f6 Qxf6 37. Qxf6 gxf6 {[%mdl 4096] Endgame KBN-KBN} 38. g4 Nd6 39. Nd1 f5 40. gxf5 Nxf5 41. Bg4 Nd6 42. Ne3 Kg7 43. b3 Kf6 44. Be2 Kg5 45. Ng2 Nf5 46. a4 e3 {Played: Nf5-g3} 0-1

[Event "Gibraltar Challengers A 2020"]
[Site "Caleta"]
[Date "2020.01.21"]
[Round "3.16"]
[White "Tejaswini, Sagar"]
[Black "Burke, Mitchell R"]
[Result "1/2-1/2"]
[WhiteElo "2180"]
[BlackElo "2001"]
[Annotator "TA"]
[PlyCount "42"]
[EventDate "2020.01.20"]
[EventType "swiss"]
[EventCountry "GGB"]
[SourceTitle "playchess.com"]
[Source "ChessBase"]
[SourceQuality "1"]

{[%evp 11,42,56,60,25,42,4,10,15,19,9,5,-16,-18,-17,-7,-11,0,0,-12,-52,-30,-59,-74,-133,-118,-167,-146,-174,-179,-173,-179,-175,-195]} 1. e4 c5 2. Nf3 d6 3. d4 cxd4 4. Nxd4 Nf6 5. Nc3 g6 6. Be3 a6 7. h3 {B72: Sicilian Dragon: 6 Be3, lines with h3+Bc4 and sidelines} (7. f3 b5 8. Qd2 Bb7 9. g4 h6 10. O-O-O Nbd7 11. h4 Rc8 12. Bd3 b4 13. Nce2 e5 14. Nb3 d5 15. exd5 Nxd5 {1-0 (33) Caruana,F (2817)-Shabalov,A (2556) Saint Louis 2017}) 7... b5 8. a4 $146 ({Predecessor:} 8. g4 Bb7 9. Bg2 Nbd7 10. g5 Nh5 11. a4 e5 12. Nde2 bxa4 13. Nd5 Be7 14. h4 O-O {½-½ (45) Harika,D (2528)-Grandelius,N (2653) Douglas 2017}) 8... b4 9. Nd5 {The position is equal.} Nxd5 10. exd5 Bb7 11. Nb3 {aiming for Qd4.} Bg7 12. Bd4 O-O 13. Bxg7 Kxg7 14. Qd4+ Kg8 15. a5 Nd7 {[%cal Bb8d7,Bd7f6,Bf6d5][%mdl 32]} 16. Be2 Qc7 17. Qd2 (17. O-O $142) 17... Nf6 $17 18. Bf3 Rac8 {Black is clearly better.} 19. Qxb4 Bxd5 20. Bxd5 Nxd5 21. Qd2 Qc4 {Accuracy: White = 19%, Black = 88%.} 1/2-1/2

[Event "Gibraltar Challengers A 2020"]
[Site "Caleta"]
[Date "2020.01.21"]
[Round "3.17"]
[White "Zulkipli, Zaidan"]
[Black "Alami, Halim"]
[Result "1-0"]
[WhiteElo "2174"]
[BlackElo "1987"]
[Annotator "TA"]
[PlyCount "95"]
[EventDate "2020.01.20"]
[EventType "swiss"]
[EventCountry "GGB"]
[SourceTitle "playchess.com"]
[Source "ChessBase"]
[SourceQuality "1"]

{[%evp 12,103,71,72,70,65,70,68,76,37,75,53,86,83,143,104,130,120,121,115,111,89,118,111,99,0,8,0,0,0,4,0,0,0,0,0,49,-7,-5,-59,-75,-105,-95,-104,-71,-189,-137,-251,-216,-284,-268,-297,-230,-244,-58,-71,-65,-89,-100,-352,-343,-306,-353,-359,-354,-335,0,0,1401,1435,1161,907,825,729,678,694,1247,1214,1197,1174,1091,1110,980,845,29991,29992,29992,29993,29993,29993,29994,29995,29995,29996]} 1. d4 d5 2. c4 e6 3. Nf3 c6 4. Nc3 f5 5. Bf4 Nf6 6. e3 Be7 7. h3 Ne4 {A84: Dutch Defence: 2 c4 Miscellaneous} 8. Bd3 Nd7 9. O-O O-O {White is slightly better.} 10. Ne2 Ndf6 (10... Bf6 11. Bh2 Qe7 {1-0 (39) Malakhatko,V (2543)-Kuzubov,Y (2623) St Petersburg 2011}) 11. Ne5 g5 12. Bh2 Bd7 (12... Nd6 $142) 13. Rc1 Be8 $146 ({Predecessor:} 13... Bd6 14. f3 Qe7 15. Bc2 c5 16. Nxd7 Bxh2+ 17. Kxh2 Nxd7 18. cxd5 {1-0 (18) Pech,J (1699)-Buchaillot,L (1591) LSS email 2014}) 14. f3 Nd6 15. c5 Nf7 16. g4 Nd7 {intending ...Nfxe5.} 17. b4 a5 18. gxf5 (18. Nxf7 $16 Bxf7 19. b5 (19. gxf5 axb4 20. Rb1 Rxa2 $11)) 18... Nfxe5 $11 19. dxe5 axb4 20. f6 Bxc5 21. Nd4 Bxd4 22. exd4 Rxa2 23. f4 {Black must now prevent Qg4.} Bg6 (23... Nxf6 $5 24. exf6 Qxf6 $11) 24. Bxg6 (24. Bb1 $14 Ra3 25. Qg4) 24... hxg6 25. fxg5 (25. Qg4 $1 $11) 25... Kf7 $15 26. Ra1 Rxa1 27. Qxa1 Rh8 28. Kg2 (28. Bg3 $17) 28... Qb6 $19 29. Rf3 (29. Bg3 $17 {is a better defense.}) 29... Qb5 30. Qb2 b6 31. Bg3 Ra8 32. h4 Qa4 $2 (32... Qc4 $19 33. Rb3 c5) 33. Bf2 $15 {[#]} c5 $1 34. h5 $1 {[%cal Rh5g6] Threatens to win with hxg6+.} Qd1 35. hxg6+ $2 {[%mdl 8192]} (35. h6 $17 {was forced.}) 35... Kxg6 $19 36. Rh3 Ra1 {Strongly threatening ...Qf1+.} 37. Rh6+ Kf5 {...Rb1 is the strong threat.} 38. Be3 {And now Qf2+ would win.} Qg4+ $2 (38... Qf1+ $19 39. Kg3 {[#]} Ra3 $1 {[%mdl 512]} 40. Qf2+ Qxf2+ 41. Kxf2 b3) 39. Kh2 $11 {Qc2+ would kill now.} Qd1 $2 {[%mdl 8192]} (39... Qf3 $11 40. Qxa1 Qe2+ 41. Kh1 Qf3+ 42. Kh2 Qe2+ 43. Kh1 Qf3+ 44. Kh2) 40. Qf2+ $18 Ke4 41. g6 b3 42. g7 Ra2 43. g8=Q {[%cal Rg8h7]} ({Not} 43. Rh4+ Kd3 $16) 43... Rxf2+ 44. Bxf2 {Threatening mate with Qg6+.} Kd3 45. Rh3+ Kc4 46. Qa8 {[%cal Ra8a4]} b5 47. f7 Nxe5 48. f8=Q {Played: d4xe5} 1-0

[Event "Gibraltar Challengers A 2020"]
[Site "Caleta"]
[Date "2020.01.21"]
[Round "3.18"]
[White "Bujakevich, Aleksandr"]
[Black "Godoy Olazabal, Artur"]
[Result "1/2-1/2"]
[WhiteElo "2014"]
[BlackElo "2154"]
[Annotator "TA"]
[PlyCount "132"]
[EventDate "2020.01.20"]
[EventType "swiss"]
[EventCountry "GGB"]
[SourceTitle "playchess.com"]
[Source "ChessBase"]
[SourceQuality "1"]

{[%evp 12,132,-2,0,0,-4,-3,-22,-21,-27,-28,-19,-19,-70,-42,-30,-33,-60,-60,-34,-50,-49,-46,-48,-47,-44,-31,-32,-26,-58,-31,-44,-14,-43,-41,-45,-40,-50,-38,-45,-45,-77,-46,-42,-8,-63,-55,-216,-32,-39,-34,-41,-20,-33,-1,-2,-1,-25,-25,-25,-23,-44,-32,-38,-40,-76,-14,-14,11,10,8,0,0,0,0,-8,-8,-8,-8,-8,-8,-8,-8,-62,-58,-59,-58,-350,-318,-325,-127,-345,-332,-310,-128,-293,-65,-275,-127,-127,-8,-8,-8,-8,-8,-8,-8,-8,-8,-8,-8,-8,-8,-8,0,-8,0,-8,0,0,0,-29986,29983]} 1. e4 c5 2. c3 Nf6 3. e5 Nd5 4. Bc4 Nb6 5. Bb3 d5 6. d4 cxd4 7. cxd4 Bf5 {B22: Sicilian: 2 c3} 8. Nf3 (8. Nc3 e6 9. Nge2 Be7 10. O-O Nc6 11. Ng3 Bg6 12. f4 Qd7 13. Be3 Na5 14. Qe2 Nxb3 15. axb3 {½-½ (45) Kalezic,B (2455)-Djukic,N (2525) Podgorica 2017}) 8... e6 9. O-O Nc6 {The position is equal.} 10. Bg5 $146 ({Predecessor:} 10. Nc3 Be7 11. Be3 O-O 12. Rc1 f6 13. h3 a6 14. g4 Bg6 15. Ne2 {0-1 (49) Jacek,M (2156)-Istona,M (2265) Czech Republic 2019}) 10... Be7 11. Bxe7 Qxe7 12. Nc3 (12. h3 $11) 12... O-O 13. h3 Be4 14. Nh2 Qb4 15. Nxe4 dxe4 16. Re1 Qxd4 17. Qxd4 Nxd4 18. Bd1 Rac8 19. Rxe4 Rfd8 20. Nf1 Nc4 21. Rc1 Kf8 22. b3 Nb6 23. Rxc8 Nxc8 24. f4 Ne7 25. Kf2 Nec6 26. a4 a6 27. g4 Rd5 28. Ke3 (28. Ne3 $11 Rc5 29. Ke1) 28... b5 $15 29. Nd2 $2 {[#]} (29. axb5 $15 axb5 30. Ng3) 29... Ke7 $2 (29... Nf5+ $1 $19 {[%mdl 512]} 30. gxf5 exf5 31. axb5 axb5) 30. Nf3 {[%cal Rf3d4] [#]} Nf5+ $1 {[%mdl 576] Discovered Attack} 31. gxf5 Rxd1 32. fxe6 fxe6 33. axb5 axb5 {[%mdl 4096] Endgame KRN-KRN} 34. Ke2 Rh1 35. h4 h6 36. Re3 Nb4 37. Kf2 Nd5 38. Re4 Rb1 ({Black should try} 38... Kf7 $17) 39. Nd4 $11 Kd7 40. f5 Rb2+ 41. Re2 Rxe2+ 42. Kxe2 exf5 {next ...g6 is good for Black.} 43. Nxf5 {KN-KN} Ke6 44. Nd4+ Kxe5 45. Nxb5 Kf4 46. Kd3 Kg4 47. Kc4 (47. Nd4 $11) 47... Ne7 $15 48. Nc3 Kxh4 49. Nd5 $2 {[%mdl 8192] [#]} (49. b4 $15) 49... Nc8 $1 $19 ({Weaker is} 49... Nxd5 50. Kxd5 h5 51. b4 $17) 50. Kd4 g5 $2 (50... Kg3 $19 51. Ke3 Nd6) 51. Ke3 $2 (51. b4 $17) 51... Nd6 52. b4 {[%cal Bb3b4,Bb4b5,Bb5b6][%mdl 32]} Kh3 (52... Kg3 $19 53. Nf6 g4 54. Nh5+ Kh4) 53. Kf2 $2 (53. Kd4 $17 {was necessary.}) 53... h5 $2 ({Better is} 53... g4 $19 {...Kh2 is the strong threat.} 54. Nf4+ Kh4) 54. Nc3 $2 {[#]} (54. Nf6 $1 $15) 54... Kh2 (54... g4 $1 $19 {Hoping for ...Kh2.} 55. Kg1 g3) 55. b5 g4 ({Black should play} 55... Nc4 $17 56. Kf3 g4+ 57. Kf4 g3) 56. b6 $11 g3+ 57. Kf3 h4 (57... g2 $5 58. Ne2 $8 Kh1 $11) 58. Ne2 g2 59. Kg4 h3 60. Kh4 Nb7 61. Kg4 Nc5 (61... Nd8 $5) 62. Kh4 Nb7 63. Kg4 Nd6 (63... Nd8 $5) 64. Kh4 Nf5+ 65. Kg4 {Strongly threatening b7.} Nd6 66. Kg5 $2 {[%mdl 8192]} (66. Kh4 $11) 66... Nc4 $4 {[%mdl 40960] Accuracy: White = 40%, Black = 40%. . An unexpected result.} (66... g1=Q+ {and life is good for Black.} 67. Nxg1 Kxg1 68. Kg6 h2 69. Kf6 h1=Q 70. Ke6 Qc6 71. Ke5 Qc5+ 72. Ke6 Nc4 73. b7 Qe5+ 74. Kf7 Qd6 75. Ke8 Ne5 76. b8=N Qf6 77. Na6 Qf7+ 78. Kd8 Qd7#) 1/2-1/2